| 000 | 00346nam a2200133Ia 4500 | ||
|---|---|---|---|
| 008 | 240624s9999 xx 000 0 und d | ||
| 041 | _aeng | ||
| 082 | _a338.9 SIN | ||
| 100 | _aSINGH INDERJEET | ||
| 245 | _aPUNJAB S ECONOMIC DEVELOPMENT IN THE ERA | ||
| 260 |
_c2014 _aNew Delhi _bL G Publishers |
||
| 300 | _a385 p.; 23 cm. | ||
| 365 |
_cRS _b30 |
||
| 999 |
_c29819 _d29819 |
||